| 000 | 00780cam a2200229 i 4500 | ||
|---|---|---|---|
| 005 | 20260205104820.0 | ||
| 008 | 250721s2011 xx gr 000 f ara d | ||
| 020 | _a9789950850552 | ||
| 082 | 1 | 4 |
_aق _bب ي د |
| 100 | 1 |
_aبيدس، خليل _eمؤلف. |
|
| 245 | 1 | 0 |
_aالوارث / _cخليل بيدس. |
| 246 | 1 | 0 | _aThe Heir |
| 264 | 3 | 1 |
_aالقدس : _bالرقمية للنشر والتوزيع الإلكتروني، _c2011. |
| 300 | _a129 صفحة. | ||
| 490 | 0 |
_aإعادة إحياء التراث الفلسطيني ؛ _vرقم 1. |
|
| 500 | _aأول رواية فلسطينية | ||
| 650 | 1 | 7 | _aالروايات العربية. |
| 650 | 1 | 7 | _aالأدب العربي. |
| 650 | 1 | 7 | _aفلسطين. |
| 942 |
_2ddc _cBK |
||
| 999 |
_c245297 _d245297 |
||